[Event "ACP Blitz Prelim3"]
[Site "playchess.com INT"]
[Date "2004.04.14"]
[Round "1"]
[White "Relange, Eloi"]
[Black "Vaisser, Anatoli"]
[Result "0-1"]
[WhiteElo "2505"]
[BlackElo "2573"]
[PlyCount "88"]
[EventDate "2004.04.14"]
[EventType "tourn (blitz)"]
[EventRounds "17"]
[EventCountry "GER"]
[EventCategory "12"]
[Source "ChessBase"]
[SourceDate "2004.05.04"]

1. d4 e6 2. Nf3 f5 3. c4 Nf6 4. g3 d5 5. Bg2 c6 6. O-O Bd6 7. b3 Qe7 8. Bb2 b6
9. Ne5 Bb7 10. Nd2 O-O 11. a3 a5 12. Rc1 Bxa3 13. Bxa3 Qxa3 14. Ndf3 Ne4 15.
Nd3 Qd6 16. c5 bxc5 17. dxc5 Qe7 18. Qc2 Nd7 19. Nde5 Nexc5 20. Qb2 Rfc8 21.
Qa3 Qf8 22. Rc2 Nxe5 23. Nxe5 Ne4 24. Qxf8+ Rxf8 25. Nxc6 Ra6 26. Ne5 Nd6 27.
Rfc1 Rd8 28. Rc7 Rb6 29. Re7 Rc8 30. Rcc7 Rxc7 31. Rxc7 h6 32. Rc5 Rxb3 33.
Rxa5 Rb1+ 34. Bf1 Nc4 35. Nxc4 dxc4 36. Rc5 Bd5 37. f3 Rc1 38. Kf2 Kf7 39. Bg2
c3 40. Ke3 Kf6 41. Kd3 Rg1 42. Bh3 Rh1 43. Kxc3 Rxh2 44. Bf1 Rf2 0-1

[Event "ACP Blitz Prelim3"]
[Site "playchess.com INT"]
[Date "2004.04.14"]
[Round "10"]
[White "Kasimdzhanov, Rustam"]
[Black "Vaisser, Anatoli"]
[Result "1-0"]
[WhiteElo "2652"]
[BlackElo "2573"]
[PlyCount "89"]
[EventDate "2004.04.14"]
[EventType "tourn (blitz)"]
[EventRounds "17"]
[EventCountry "GER"]
[EventCategory "12"]
[Source "ChessBase"]
[SourceDate "2004.05.04"]

1. d4 e6 2. Nf3 f5 3. g3 Nf6 4. Bg2 d5 5. O-O Bd6 6. c4 c6 7. b3 Qe7 8. Bb2 b6
9. Qc1 Bb7 10. Ba3 Bxa3 11. Qxa3 Qxa3 12. Nxa3 Ke7 13. Nc2 a5 14. Nce1 Nbd7 15.
Nd3 Rhc8 16. Rfc1 Ba6 17. Nfe5 Nxe5 18. Nxe5 Nd7 19. Nd3 Rab8 20. Kf1 b5 21.
cxd5 cxd5 22. b4 Rc4 23. a3 Rxd4 24. bxa5 Rc4 25. Nb4 Ra8 26. g4 g6 27. gxf5
gxf5 28. Rcb1 Bb7 29. a6 Bxa6 30. Nxa6 Rxa6 31. Rxb5 Rxa3 32. Rd1 Ra2 33. Rb7
Kd6 34. Bf3 Ne5 35. Bh5 Rh4 36. Rxh7 Rxh2 37. Kg1 Rh4 38. Rb1 Ng4 39. Rb6+ Ke5
40. Kg2 Nf6 41. Re7 Nxh5 42. Rexe6+ Kd4 43. Rb4+ Kc5 44. Rxh4 Ng7 45. Re7 1-0

[Event "Asean GM 2nd"]
[Site "Bangkok"]
[Date "2004.07.24"]
[Round "5"]
[White "Zaw, Win Lay"]
[Black "Nay Oo Kyaw Tun"]
[Result "0-1"]
[WhiteElo "2532"]
[BlackElo "2504"]
[PlyCount "72"]
[EventDate "2004.07.22"]
[EventType "tourn"]
[EventRounds "10"]
[EventCountry "THA"]
[EventCategory "12"]
[Source "ChessBase"]
[SourceDate "2004.11.11"]

1. d4 f5 2. Nf3 Nf6 3. g3 e6 4. Bg2 d5 5. O-O Bd6 6. c4 c6 7. Nc3 O-O 8. c5 Bc7
9. Bf4 Bxf4 10. gxf4 Ne4 11. Qc2 b6 12. b4 Ba6 13. Rfe1 Nd7 14. a4 bxc5 15.
dxc5 Qf6 16. Ra3 Rab8 17. b5 Bb7 18. e3 Rbc8 19. Nd4 Nexc5 20. bxc6 Bxc6 21.
Ncb5 Bxb5 22. axb5 Ne4 23. Qa2 Ndc5 24. Rf1 Kh8 25. Rxa7 g5 26. fxg5 Nxg5 27.
f4 Nge4 28. Qa1 Rb8 29. Rc7 Rg8 30. Nc6 Rxg2+ 31. Kxg2 Rg8+ 32. Kh3 Nf2+ 33.
Rxf2 Qxa1 34. Ne5 Ne4 35. Nf7+ Kg7 36. Rg2+ Kf8 0-1

[Event "II ROMGAZ Open"]
[Site "Bucharest ROU"]
[Date "2008.09.17"]
[Round "7"]
[White "Suba, M."]
[Black "Gleizerov, E."]
[Result "1/2-1/2"]
[WhiteElo "2507"]
[BlackElo "2549"]
[PlyCount "131"]
[EventDate "2008.09.11"]
[SourceDate "1999.07.01"]

1. d4 e6 2. Nf3 f5 3. g3 Nf6 4. Bg2 d5 5. O-O Bd6 6. c4 c6 7. Ne5 O-O 8. Nd2 b6
9. Ndf3 Ne4 10. Qc2 Qe7 11. Nd3 Ba6 12. Nfe5 Rc8 13. Be3 c5 14. dxc5 bxc5 15.
Rad1 Qc7 16. f3 Nf6 17. f4 Bb7 18. b3 Na6 19. Rc1 d4 20. Bf2 Bxg2 21. Kxg2 Bxe5
22. Nxe5 Nb4 23. Qb2 Ne4 24. e3 dxe3 25. Bxe3 Rd8 26. Rcd1 Rxd1 27. Rxd1 Rd8
28. Qe2 Rxd1 29. Qxd1 Nxa2 30. Qd7 Qxd7 31. Nxd7 a5 32. Kf3 Kf7 33. g4 Ke8 34.
Nxc5 Nxc5 35. Bxc5 Nc1 36. b4 Nd3 37. Bd4 fxg4+ 38. Ke4 Nxb4 39. Bxg7 h5 40. f5
Kf7 41. Bc3 Nc6 42. Kf4 a4 43. Kg5 exf5 44. Kxf5 a3 45. Kg5 Ke6 46. Kxh5 Kf5
47. c5 a2 48. Ba1 Kf4 49. Kh4 Ne5 50. Kh5 Kf5 51. Kh4 Nc6 52. Kh5 Nb4 53. Kh4
Nc2 54. Bb2 Ne3 55. c6 Ke6 56. Kg3 Kd6 57. Kf4 Nf1 58. Kxg4 Nxh2+ 59. Kf4 Kxc6
60. Ke4 Kc5 61. Kd3 Nf3 62. Kc2 Kb4 63. Bf6 Ka3 64. Be7+ Ka4 65. Kb2 a1=Q+ 66.
Kxa1 1/2-1/2

[Event "TCh-MNE Premier"]
[Site "Herceg Novi MNE"]
[Date "2008.08.28"]
[Round "4"]
[White "Damljanovic, B."]
[Black "Sedlak, N."]
[Result "0-1"]
[WhiteElo "2579"]
[BlackElo "2576"]
[PlyCount "82"]
[EventDate "2008.08.25"]
[SourceDate "1999.07.01"]

1. d4 f5 2. Nf3 Nf6 3. g3 e6 4. Bg2 d5 5. O-O Bd6 6. c4 c6 7. b3 Qe7 8. Qc2 O-O
9. Nc3 Nbd7 10. Bf4 Bxf4 11. gxf4 Ne4 12. e3 Rf6 13. Ne2 Rh6 14. Ng3 Nf8 15.
Rfc1 Ng6 16. Nf1 Kh8 17. Rab1 Bd7 18. Rb2 Rg8 19. Qd1 Be8 20. Qe1 dxc4 21. Rxc4
c5 22. dxc5 Bc6 23. b4 e5 24. fxe5 Ng5 25. Nxg5 Bxg2 26. f4 Nxe5 27. Rxg2 Nxc4
28. Qc3 b5 29. a4 a6 30. Ng3 Rf8 31. axb5 axb5 32. Ra2 Qd7 33. Qd4 Qe7 34. Re2
Rhf6 35. Kf2 h6 36. Nf3 Re6 37. h4 Re4 38. Qc3 Re8 39. Nxf5 Qf8 40. Ng3 Nxe3
41. c6 Nd1+ 0-1

[Event "Arctic Chess Challenge"]
[Site "Tromso NOR"]
[Date "2008.08.08"]
[Round "7"]
[White "Kunin, V."]
[Black "Agdestein, S."]
[Result "1/2-1/2"]
[WhiteElo "2532"]
[BlackElo "2583"]
[PlyCount "113"]
[EventDate "2008.08.02"]
[SourceDate "1999.07.01"]

1. d4 e6 2. c4 f5 3. g3 Nf6 4. Bg2 c6 5. Nf3 d5 6. O-O Bd6 7. b3 Qe7 8. Ne5 O-O
9. Nd2 b6 10. Ndf3 Bb7 11. Bf4 Na6 12. e3 Rac8 13. Qe2 Ne4 14. h4 c5 15. Rac1
Nb4 16. Rfd1 Rc7 17. Ng5 Nf6 18. dxc5 bxc5 19. a3 Na6 20. Rc2 Rcc8 21. cxd5
exd5 22. Nd3 Rfd8 23. Bxd6 Rxd6 24. b4 c4 25. Nf4 Ne4 26. Nxe4 fxe4 27. Bh3
Rcd8 28. Qd2 Bc6 29. Rdc1 Nc7 30. Ne2 Bd7 31. Bg2 Ne8 32. Qd4 Bc8 33. Rd2 Nf6
34. Nf4 h6 35. Qc5 Kf7 36. h5 Bf5 37. Bf1 a6 38. Qa5 Bg4 39. Be2 Bxe2 40. Rxe2
Ng4 41. Rd2 Qb7 42. Rcd1 Nf6 43. Qc5 Kg8 44. Rc2 Qd7 45. Rd4 Ng4 46. Ng6 Kh7
47. Rcd2 Qf5 48. Nf4 c3 49. Rc2 Ne5 50. Kf1 Nf3 51. Rxc3 Nxd4 52. Qxd4 Rc8 53.
Rxc8 Qxc8 54. Qe5 Qd7 55. Kg2 Qd8 56. Ne6 Qf6 57. Qxd6 1/2-1/2

[Event "14th Sants Open A Tie-Breaks"]
[Site "Barcelona ESP"]
[Date "2012.08.26"]
[Round "2.2"]
[White "Gajewski, G."]
[Black "Spraggett, K."]
[Result "0-1"]
[WhiteElo "2628"]
[BlackElo "2595"]
[PlyCount "74"]
[EventDate "2012.08.17"]
[SourceDate "1999.07.01"]

1. d4 e6 2. c4 f5 3. Nf3 Nf6 4. g3 c6 5. Bg2 d5 6. O-O Bd6 7. b3 Qe7 8. Bb2 O-O
9. Nbd2 Ne4 10. Ne5 Nd7 11. Nxe4 fxe4 12. f4 exf3 13. exf3 Nxe5 14. dxe5 Bc5+
15. Kh1 Bd7 16. f4 Kh8 17. Qe2 a5 18. a4 Rad8 19. Rad1 Be8 20. cxd5 cxd5 21. f5
exf5 22. Rxd5 Rxd5 23. Bxd5 b6 24. e6 Bg6 25. Bc6 h6 26. Bd7 Kh7 27. Qe5 Bd6
28. Qd4 Bc5 29. Qe5 Bd6 30. Qd4 f4 31. gxf4 Bc5 32. Qe5 Rf5 33. Qe2 Rd5 34. Bc6
Qd6 35. f5 Rxf5 36. Rxf5 Bxf5 37. Be4 Qd1+ 0-1

[Event "87th ch-FRA 2012"]
[Site "Pau FRA"]
[Date "2012.08.18"]
[Round "6"]
[White "Lagarde, Max"]
[Black "Vaisser, A."]
[Result "0-1"]
[WhiteElo "2505"]
[BlackElo "2556"]
[PlyCount "126"]
[EventDate "2012.08.13"]
[SourceDate "1999.07.01"]

1. d4 e6 2. Nf3 f5 3. g3 Nf6 4. Bg2 d5 5. c4 c6 6. O-O Bd6 7. Nc3 O-O 8. Qc2
Ne4 9. Nxe4 fxe4 10. Ne1 Qf6 11. Be3 Qf5 12. c5 Bc7 13. f3 exf3 14. Qxf5 exf5
15. Bxf3 Nd7 16. Bf4 Bxf4 17. gxf4 b6 18. cxb6 axb6 19. Nd3 Bb7 20. Rfc1 Rfc8
21. b4 b5 22. a3 Kf8 23. Nc5 Nxc5 24. dxc5 Ke7 25. Kf2 Ra4 26. Rc2 Rca8 27.
Rca2 Bc8 28. Ke3 Be6 29. Kd4 Kf6 30. e3 Bf7 31. Bd1 Be8 32. h4 Bf7 33. h5 h6
34. Bxa4 Rxa4 35. Rh2 Be8 36. Kc3 Bf7 37. Kb2 Be8 38. Rg1 Ra7 39. Ra1 Ra4 40.
Kc3 Bf7 41. Kd4 Be8 42. Rg1 Ra7 43. Rhg2 Bxh5 44. a4 bxa4 45. b5 cxb5 46. c6
Be8 47. Rc2 Rc7 48. Kxd5 b4 49. Kd6 Re7 50. Rc5 Rxe3 51. Re5 Rd3+ 52. Kc5 Bxc6
53. Kxc6 Rd4 54. Ra5 g5 55. Ra6 gxf4 56. Kc5+ Ke5 57. Re6+ Kxe6 58. Kxd4 b3 59.
Rg6+ Kd7 60. Kc3 Ke7 61. Ra6 f3 62. Rxa4 Kd6 63. Rb4 Ke5 0-1